|
|
|
|
| LEADER |
01270nam a2200361 4500 |
| 001 |
on1055411734 |
| 003 |
OCoLC |
| 005 |
20200326101156.0 |
| 006 |
m o d |
| 007 |
cr un|---aucuu |
| 008 |
181002s2018 enka ob 001 0 eng |
| 040 |
|
|
|a OPELS
|b eng
|e rda
|e pn
|c OPELS
|d OCLCF
|d AU@
|d GrThAP
|
| 020 |
|
|
|a 9780128151907
|q (print)
|
| 035 |
|
|
|a (OCoLC)1055411734
|
| 050 |
|
4 |
|a QR41.2
|
| 060 |
|
4 |
|a QW 52
|
| 082 |
0 |
4 |
|a 579
|2 23
|
| 245 |
0 |
0 |
|a Advances in microbial physiology.
|n Volume 73 /
|c edited by Robert K. Poole.
|
| 264 |
|
1 |
|a Kidlington, Oxford :
|b Academic Press,
|c 2018.
|
| 300 |
|
|
|a 1 online resource (viii, 220 pages) :
|b illustrations.
|
| 336 |
|
|
|a text
|b txt
|2 rdacontent
|
| 337 |
|
|
|a computer
|b c
|2 rdamedia
|
| 338 |
|
|
|a online resource
|b cr
|2 rdacarrier
|
| 490 |
0 |
|
|a Advances in Microbial Physiology ;
|v Volume 73
|
| 588 |
0 |
|
|a Title from title details screen.
|
| 504 |
|
|
|a Includes bibliographical references and index.
|
| 650 |
|
0 |
|a Microbiology.
|
| 650 |
|
7 |
|a Microbiology.
|2 fast
|0 (OCoLC)fst01019576
|
| 650 |
|
2 |
|a Microbiology.
|
| 650 |
|
2 |
|a Bacteria.
|
| 655 |
|
4 |
|a Electronic books.
|
| 700 |
1 |
|
|a Poole, Robert K.,
|e editor.
|
| 856 |
4 |
0 |
|3 ScienceDirect
|u https://www.sciencedirect.com/science/bookseries/00652911/73
|z Full Text via HEAL-Link
|